000 00308nam a22001337a 4500
008 170303b xxu||||| |||| 00| 0 eng d
020 _a9780716768876
041 _aeng
080 _29 ED
_a6
100 _a6
101 _aSHM
245 _aINTRODUCTION TO GENETICS ANALYSIS
_cGRIFFITHS.AJ.F
942 _2udc
_cBK
999 _c6749
_d6749